00610nam a2200205Ia 4500003000400000005001700004006001800021007000300039008004100042024001000083037001800093040001800111041001300129100002300142110005900165245010400224260000900328650000800337700005900345OSt20220930193038.0a|||||r|||| 00| 0ta220926b |||||||| |||| 00| 0 eng d a10997 cDissertations aCRLcCRLbeng 2engaeng aMehra Satish Kumar aUniversity of Delhi. Faculty of Law. Department of Law 0aGovernmental control with respect to winding up of companies, including banking companies, in India c1975 aLAW aUniversity of Delhi. Faculty of Law. Department of Law